Teen Wolf Creatures Quiz - Statistics

General Stats
  • This quiz has been taken 96 times
  • The average score is 9 of 21
Answer Stats
Answer % Correct
Werewolf
99%
Banshee
91%
Kitsune
88%
Kanima
86%
Werecoyote
78%
Nogitsune
68%
Werejaguar
59%
Chimera
54%
Druid
42%
Oni
42%
Dread Doctors
38%
Darach
36%
Hellhound
36%
Wendigo
28%
Ghost Riders
25%
Skin-walker
20%
Lowenmensch
13%
Beserker
12%
Anuk-Ite
10%
Sluagh
6%
Spark
3%
No matching quizzes found
Score Distribution
Percent of People with Each Score
Percentile by Number Answered
Your Score History
You have not taken this quiz